[Event "Mittelfrank Regionalliga Sud-West 2223"]
[Site "Mittelfranken"]
[Date "2023.02.05"]
[Round "6.3"]
[White "Nissen, Jens"]
[Black "Schmid, Peter4444"]
[Result "1-0"]
[WhiteElo "2034"]
[BlackElo "2074"]
[PlyCount "87"]
[EventDate "2022.10.09"]
[EventType "team-tourn"]
[EventRounds "9"]
[EventCountry "GER"]
[SourceTitle "EXT 2024"]
[Source "ChessBase"]
[SourceDate "2023.10.10"]
[SourceVersion "1"]
[SourceVersionDate "2023.10.10"]
[SourceQuality "1"]
[WhiteTeam "Sendling"]
[BlackTeam "Kempten"]
[WhiteTeamCountry "GER"]
[BlackTeamCountry "GER"]

1. d4 Nf6 2. c4 e6 3. Nf3 d5 4. Nc3 Be7 5. Bf4 0-0 6. e3 b6 7. Qc2 c5 8. Nb5 a6 9. Nc7 Ra7 10. Nxd5 exd5 11. Bxb8 Ra8 12. Be5 cxd4 13. Bxd4 dxc4 14. Bxc4 Bb4+ 15. Nd2 Bb7 16. a3 Bxd2+ 17. Qxd2 Rc8 18. b3 Ne4 19. Qb2 b5 20. Be2 Qg5 21. Bf3 Rfe8 22. h4 Qf5 23. Bxg7 Nc5 24. Be2 Nxb3 25. Qxb3 Kxg7 26. Rh3 Bd5 27. Rg3+ Kh8 28. Qb2+ Qe5 29. Qxe5+ Rxe5 30. Rd1 Be6 31. Bf3 Rec5 32. Bb7 Rb8 33. Bxa6 h6 34. Rd6 Rc3 35. h5 Rc5 36. e4 Rxh5 37. f4 Bc4 38. a4 Kh7 39. e5 Rh4 40. Rf6 Rh1+ 41. Kd2 Rd8+ 42. Rd6 Rb8 43. axb5 Bxb5 44. Rb3 1-0

[Event "Mittelfrank Regionalliga Sud-West 2223"]
[Site "Mittelfranken"]
[Date "2023.01.15"]
[Round "5.4"]
[White "Nissen, Jens"]
[Black "Brugger, Hans"]
[Result "0-1"]
[WhiteElo "2034"]
[BlackElo "1988"]
[PlyCount "80"]
[EventDate "2022.10.09"]
[EventType "team-tourn"]
[EventRounds "9"]
[EventCountry "GER"]
[SourceTitle "EXT 2024"]
[Source "ChessBase"]
[SourceDate "2023.10.10"]
[SourceVersion "1"]
[SourceVersionDate "2023.10.10"]
[SourceQuality "1"]
[WhiteTeam "Sendling"]
[BlackTeam "Marktoberdorf"]
[WhiteTeamCountry "GER"]
[BlackTeamCountry "GER"]

1. d4 Nf6 2. c4 e5 3. dxe5 Ng4 4. e4 Nxe5 5. f4 Nec6 6. Be3 Na6 7. Nc3 Bc5 8. Qd2 0-0 9. Nf3 d6 10. Bd3 Bxe3 11. Qxe3 Nc5 12. Bb1 b6 13. 0-0 Re8 14. Nd4 Nxd4 15. Qxd4 Ne6 16. Qd3 Qh4 17. Nd5 c6 18. g3 Qh3 19. Nc3 Bb7 20. Bc2 Rad8 21. Rae1 Ba6 22. b3 c5 23. f5 Nd4 24. Rf4 Qh5 25. Bd1 Qh6 26. Re3 Bb7 27. f6 g5 28. Rf2 Re6 29. Qf1 Rde8 30. Bg4 Re5 31. Bd7 Rd8 32. Bf5 g4 33. Rf4 Nxf5 34. Rxg4+ Kh8 35. Rd3 Ne3 36. Qe2 Nxg4 37. Qxg4 Qg6 38. Qf4 Re6 39. Rf3 Bxe4 40. Re3 Rde8 0-1

[Event "Mittelfrank Regionalliga Sud-West 2122"]
[Site "Mittelfranken"]
[Date "2022.05.15"]
[Round "5.5"]
[White "Nissen, Jens"]
[Black "Brueckner, Thomas"]
[Result "0-1"]
[WhiteElo "2057"]
[BlackElo "2278"]
[PlyCount "46"]
[EventDate "2021.10.24"]
[EventType "team-tourn"]
[EventRounds "9"]
[EventCountry "GER"]
[SourceTitle "EXT 2024"]
[Source "ChessBase"]
[SourceDate "2023.10.10"]
[SourceVersion "1"]
[SourceVersionDate "2023.10.10"]
[SourceQuality "1"]
[WhiteTeam "Sendling"]
[BlackTeam "Augsburg Schachfreunde"]
[WhiteTeamCountry "GER"]
[BlackTeamCountry "GER"]

1. d4 Nf6 2. c4 g6 3. Nc3 Bg7 4. e4 d6 5. Be2 0-0 6. Be3 e5 7. d5 Na6 8. Qd2 Nc5 9. f3 a5 10. g4 h5 11. Nh3 hxg4 12. Nf2 Nh5 13. fxg4 Nf4 14. 0-0-0 Qh4 15. Bf3 Bd7 16. Kb1 a4 17. Rdg1 Bf6 18. Ne2 b5 19. Rg3 bxc4 20. Qc3 a3 21. Bxc5 dxc5 22. Qxc4 Rfb8 23. Nd1 Bb5 0-1

[Event "Mittelfrank Regionalliga Sud-West 2122"]
[Site "Mittelfranken"]
[Date "2022.04.03"]
[Round "7.5"]
[White "Nissen, Jens"]
[Black "Giss, Helene"]
[Result "1/2-1/2"]
[WhiteElo "2057"]
[BlackElo "2033"]
[PlyCount "122"]
[EventDate "2021.10.24"]
[EventType "team-tourn"]
[EventRounds "9"]
[EventCountry "GER"]
[SourceTitle "EXT 2024"]
[Source "ChessBase"]
[SourceDate "2023.10.10"]
[SourceVersion "1"]
[SourceVersionDate "2023.10.10"]
[SourceQuality "1"]
[WhiteTeam "Sendling"]
[BlackTeam "Dillingen"]
[WhiteTeamCountry "GER"]
[BlackTeamCountry "GER"]

1. d4 e6 2. c4 Nf6 3. Nf3 d5 4. Nc3 c6 5. Bg5 Be7 6. e3 Nbd7 7. Qc2 a6 8. Bd3 dxc4 9. Bxc4 b5 10. Bd3 Bb7 11. Bxf6 Nxf6 12. Ne4 Qa5+ 13. Nfd2 Nd5 14. 0-0 Nb4 15. Qc3 Qb6 16. Bb1 Nd5 17. Qc2 Nb4 18. Qc1 Rd8 19. Nb3 a5 20. Qc3 a4 21. Nbc5 Nd5 22. Qc2 Bc8 23. Rc1 f5 24. Ng3 Bxc5 25. dxc5 Qc7 26. e4 Ne7 27. Qc3 0-0 28. a3 Ng6 29. Ba2 Kh8 30. Rd1 Qe5 31. Rxd8 Rxd8 32. Qxe5 Nxe5 33. f4 Ng6 34. Bxe6 Bxe6 35. exf5 Nxf4 36. Rf1 g5 37. fxe6 Nxe6 38. Rf6 Nxc5 39. Rxc6 Nd3 40. Rb6 Nxb2 41. Rxb5 Nc4 42. Rxg5 Nxa3 43. Ra5 Rd1+ 44. Kf2 Rd2+ 45. Kf3 Nc2 46. Nf5 Kg8 47. Rxa4 Ne1+ 48. Kf4 Rxg2 49. Ra8+ Kf7 50. Ra7+ Kf6 51. Ra6+ Kf7 52. Ra7+ Kf6 53. Ra6+ Kf7 54. h4 Nd3+ 55. Ke3 Ne5 56. Ke4 Re2+ 57. Kf4 Ng6+ 58. Kg5 Re5 59. Rf6+ Kg8 60. Kh6 Nf8 61. h5 Re6 1/2-1/2

[Event "Mittelfrank Regionalliga Sud-West 2122"]
[Site "Mittelfranken"]
[Date "2021.11.14"]
[Round "2.5"]
[White "Mai, Anton"]
[Black "Nissen, Jens"]
[Result "1-0"]
[WhiteElo "1989"]
[BlackElo "2057"]
[PlyCount "49"]
[EventDate "2021.10.24"]
[EventType "team-tourn"]
[EventRounds "9"]
[EventCountry "GER"]
[SourceTitle "EXT 2024"]
[Source "ChessBase"]
[SourceDate "2023.10.10"]
[SourceVersion "1"]
[SourceVersionDate "2023.10.10"]
[SourceQuality "1"]
[WhiteTeam "Haar"]
[BlackTeam "Sendling"]
[WhiteTeamCountry "GER"]
[BlackTeamCountry "GER"]

1. e4 e6 2. d4 d5 3. Nd2 Nf6 4. Bd3 c5 5. c3 Nc6 6. Ngf3 dxe4 7. Nxe4 Nxe4 8. Bxe4 cxd4 9. cxd4 Bb4+ 10. Kf1 Be7 11. h4 h6 12. Be3 Nb4 13. Ne5 Nd5 14. Rh3 Bf6 15. Qh5 Bxe5 16. dxe5 Bd7 17. Bc5 Nf4 18. Qg4 Bb5+ 19. Ke1 g5 20. Re3 Qc7 21. Rc1 Bc6 22. Bd6 Qa5+ 23. b4 Qxa2 24. Rxc6 Qa1+ 25. Qd1 1-0

[Event "Landesliga Sued 0910"]
[Site "Bayern"]
[Date "2010.04.11"]
[Round "9.2"]
[White "Nissen, Jens"]
[Black "Webersberger, Johann"]
[Result "0-1"]
[WhiteElo "2086"]
[BlackElo "2335"]
[PlyCount "90"]
[EventDate "2009.10.18"]
[EventType "team-tourn"]
[EventRounds "9"]
[EventCountry "GER"]
[SourceTitle "EXT 2011"]
[Source "ChessBase"]
[SourceDate "2010.11.26"]
[SourceVersion "1"]
[SourceVersionDate "2010.11.26"]
[SourceQuality "1"]
[WhiteTeam "Sendling"]
[BlackTeam "Rottal"]
[WhiteTeamCountry "GER"]
[BlackTeamCountry "GER"]

1. e4 d6 2. d4 g6 3. Nc3 Bg7 4. Be3 a6 5. Qd2 b5 6. f3 Nd7 7. Nge2 Bb7 8. g4 h5 9. g5 e6 10. h4 Ne7 11. Bg2 Nb6 12. b3 Qd7 13. a4 b4 14. Na2 a5 15. Rd1 0-0 16. 0-0 Rfd8 17. c3 bxc3 18. Naxc3 Ba6 19. Rf2 Rdb8 20. f4 d5 21. Ng3 dxe4 22. Ncxe4 Nbd5 23. Nc5 Qd8 24. Qe1 Bb7 25. Bc1 Kh8 26. Bb2 Bc6 27. Qe2 Rb4 28. Bh3 Qd6 29. Qf3 Nf5 30. Nxf5 exf5 31. Bf1 Re8 32. Bc4 Re3 33. Bxd5 Rxf3 34. Bxf3 Bxf3 35. Rxf3 Rxd4 36. Nd3 Rd5 37. Bxg7+ Kxg7 38. Kf1 Rc5 39. Nf2 Qc6 40. Rdd3 Rc2 41. Rfe3 Qb6 42. Re2 Rxe2 43. Kxe2 Qb4 44. Rf3 c5 45. Nd3 Qxb3 0-1

[Event "Landesliga Sued 0910"]
[Site "Bayern"]
[Date "2010.03.21"]
[Round "8.3"]
[White "Nissen, Jens"]
[Black "Taeger, Winfried"]
[Result "1/2-1/2"]
[WhiteElo "2086"]
[BlackElo "2169"]
[PlyCount "89"]
[EventDate "2009.10.18"]
[EventType "team-tourn"]
[EventRounds "9"]
[EventCountry "GER"]
[SourceTitle "EXT 2011"]
[Source "ChessBase"]
[SourceDate "2010.11.26"]
[SourceVersion "1"]
[SourceVersionDate "2010.11.26"]
[SourceQuality "1"]
[WhiteTeam "Sendling"]
[BlackTeam "Tegernsee"]
[WhiteTeamCountry "GER"]
[BlackTeamCountry "GER"]

1. e4 Nc6 2. d4 d5 3. Nc3 Nf6 4. e5 Ng8 5. Nce2 Bf5 6. Ng3 Bg6 7. c3 e6 8. h4 h6 9. h5 Bh7 10. Bd3 Bxd3 11. Qxd3 Qd7 12. Nf3 Nge7 13. b4 f6 14. 0-0 fxe5 15. dxe5 Nc8 16. Bf4 Qf7 17. Be3 Nb6 18. Bxb6 axb6 19. Rfe1 Be7 20. a3 0-0 21. Qe2 Ra4 22. Ra2 Rfa8 23. Rea1 Qf4 24. Nf1 Qe4 25. Qxe4 dxe4 26. N3d2 Nxe5 27. Nxe4 Nc4 28. Rd1 Rd8 29. Rxd8+ Bxd8 30. Ne3 Rxa3 31. Rxa3 Nxa3 32. Kf1 Be7 33. Ke2 Kf7 34. Kd3 Nb5 35. Ng4 Nd6 36. Ne5+ Ke8 37. g4 Nxe4 38. Kxe4 b5 39. f4 Bf6 40. Kd4 b6 41. Ke4 Ke7 42. Kd3 Bxe5 43. fxe5 c5 44. Ke3 Kd7 45. Kd3 1/2-1/2

[Event "Landesliga Sued 0809"]
[Site "Bayern"]
[Date "2009.01.18"]
[Round "5.4"]
[White "Enigl, Karl"]
[Black "Nissen, Jens"]
[Result "1/2-1/2"]
[WhiteElo "2089"]
[BlackElo "2106"]
[PlyCount "42"]
[EventDate "2008.10.05"]
[EventType "team-tourn"]
[EventRounds "9"]
[EventCountry "GER"]
[SourceTitle "EXT 2020"]
[Source "ChessBase"]
[SourceDate "2019.10.17"]
[SourceVersion "1"]
[SourceVersionDate "2019.10.17"]
[SourceQuality "1"]
[WhiteTeam "Bayern Muenchen III"]
[BlackTeam "Sendling"]
[WhiteTeamCountry "GER"]
[BlackTeamCountry "GER"]

1. d4 g6 2. c4 Bg7 3. Nc3 d6 4. e4 e5 5. Be3 Nh6 6. f3 f6 7. Nge2 exd4 8. Nxd4 Nc6 9. Be2 Nxd4 10. Qxd4 Be6 11. 0-0 0-0 12. Qd2 Nf7 13. Rad1 f5 14. exf5 Bxf5 15. Bd3 Be6 16. b3 a5 17. Be4 Qc8 18. Rfe1 Ne5 19. Nd5 Nc6 20. Nf4 Bf7 21. Nd5 Bxd5 1/2-1/2

[Event "Landesliga Sued 0809"]
[Site "Bayern"]
[Date "2008.12.14"]
[Round "4.4"]
[White "Nissen, Jens"]
[Black "Schleich, Markus"]
[Result "1/2-1/2"]
[WhiteElo "2106"]
[BlackElo "2203"]
[PlyCount "72"]
[EventDate "2008.10.05"]
[EventType "team-tourn"]
[EventRounds "9"]
[EventCountry "GER"]
[SourceTitle "EXT 2020"]
[Source "ChessBase"]
[SourceDate "2019.10.17"]
[SourceVersion "1"]
[SourceVersionDate "2019.10.17"]
[SourceQuality "1"]
[WhiteTeam "Sendling"]
[BlackTeam "Garching"]
[WhiteTeamCountry "GER"]
[BlackTeamCountry "GER"]

1. e4 c5 2. Nf3 Nc6 3. Bb5 e6 4. Bxc6 bxc6 5. d3 d6 6. e5 f6 7. exd6 Bxd6 8. Nbd2 Ne7 9. Nc4 0-0 10. Be3 Nd5 11. Nxd6 Qxd6 12. Nd2 Nxe3 13. fxe3 Ba6 14. b3 Qe5 15. Kf2 Rad8 16. Nf3 Qh5 17. Qe1 e5 18. Qa5 e4 19. Qxa6 exf3 20. Qc4+ Kh8 21. gxf3 Rfe8 22. Qf4 Rd5 23. Rhg1 Rde5 24. e4 Qf7 25. Rg2 Qd7 26. Rag1 R5e7 27. Qe3 Qd6 28. h4 f5 29. Ke2 Qe5 30. Rg5 Rf7 31. Kd2 c4 32. bxc4 Qa5+ 33. Kd1 Qc3 34. Qd2 Qa1+ 35. Ke2 Qd4 36. c3 Qf6 1/2-1/2

[Event "Landesliga Sued 0809"]
[Site "Bayern"]
[Date "2008.10.05"]
[Round "1.4"]
[White "Bonacci, Mauro"]
[Black "Nissen, Jens"]
[Result "1/2-1/2"]
[WhiteElo "2113"]
[BlackElo "2106"]
[PlyCount "66"]
[EventDate "2008.10.05"]
[EventType "team-tourn"]
[EventRounds "9"]
[EventCountry "GER"]
[SourceTitle "EXT 2020"]
[Source "ChessBase"]
[SourceDate "2019.10.17"]
[SourceVersion "1"]
[SourceVersionDate "2019.10.17"]
[SourceQuality "1"]
[WhiteTeam "Muenchen Zugzwang"]
[BlackTeam "Sendling"]
[WhiteTeamCountry "GER"]
[BlackTeamCountry "GER"]

1. e4 c5 2. Nc3 Nc6 3. g3 g6 4. Bg2 Bg7 5. d3 Rb8 6. Nge2 b5 7. 0-0 b4 8. Nd5 e6 9. Ne3 Nge7 10. f4 Nd4 11. Nxd4 cxd4 12. Nc4 d5 13. Ne5 dxe4 14. dxe4 Qb6 15. Nd3 0-0 16. Bd2 a5 17. b3 Ba6 18. a3 Nc6 19. axb4 Nxb4 20. Bxb4 axb4 21. Ra4 Bxd3 22. cxd3 Rfc8 23. f5 Bh6 24. Qf3 Rc1 25. fxg6 Rxf1+ 26. Bxf1 hxg6 27. h4 Qc5 28. Be2 Be3+ 29. Kg2 Kg7 30. Ra1 Rf8 31. Rf1 f5 32. exf5 exf5 33. h5 gxh5 1/2-1/2

[Event "Landesliga Sued 0708"]
[Site "Bayern"]
[Date "2008.04.20"]
[Round "9.4"]
[White "Lettl, Gerhard"]
[Black "Nissen, Jens"]
[Result "1/2-1/2"]
[WhiteElo "2077"]
[BlackElo "2086"]
[PlyCount "23"]
[EventDate "2007.10.21"]
[EventType "team-tourn"]
[EventRounds "9"]
[EventCountry "GER"]
[SourceTitle "EXT 2009"]
[Source "ChessBase"]
[SourceDate "2008.11.26"]
[SourceVersion "1"]
[SourceVersionDate "2008.11.26"]
[SourceQuality "1"]
[WhiteTeam "Tegernsee II"]
[BlackTeam "Sendling"]
[WhiteTeamCountry "GER"]
[BlackTeamCountry "GER"]

1. e4 g6 2. d4 Bg7 3. f4 d5 4. e5 c6 5. c3 h5 6. Bd3 Nh6 7. Nf3 Na6 8. 0-0 Nc7 9. Ng5 Bf5 10. Bxf5 Nxf5 11. Qe2 Qc8 12. Nd2 1/2-1/2

[Event "Landesliga Sued 0708"]
[Site "Bayern"]
[Date "2008.03.09"]
[Round "7.4"]
[White "Schreiner, Richard"]
[Black "Nissen, Jens"]
[Result "1-0"]
[WhiteElo "2100"]
[BlackElo "2076"]
[PlyCount "77"]
[EventDate "2007.10.21"]
[EventType "team-tourn"]
[EventRounds "9"]
[EventCountry "GER"]
[SourceTitle "EXT 2009"]
[Source "ChessBase"]
[SourceDate "2008.11.26"]
[SourceVersion "1"]
[SourceVersionDate "2008.11.26"]
[SourceQuality "1"]
[WhiteTeam "Garching"]
[BlackTeam "Sendling"]
[WhiteTeamCountry "GER"]
[BlackTeamCountry "GER"]

1. e4 c5 2. Nc3 Nc6 3. d3 g6 4. f4 Bg7 5. g3 d6 6. Bg2 e6 7. Nf3 Rb8 8. 0-0 Nge7 9. Ne2 Nd4 10. c3 Nxf3+ 11. Bxf3 0-0 12. Be3 b6 13. g4 f5 14. Kh1 Bb7 15. Qe1 fxg4 16. Bxg4 Nf5 17. Ng3 Qd7 18. Bd2 Rbe8 19. Rd1 Qc6 20. Kg1 c4 21. d4 h5 22. Bf3 Nh6 23. Bc1 Qc7 24. Ne2 e5 25. d5 Kh7 26. Kh1 Bc8 27. f5 gxf5 28. Bxh5 f4 29. Bxe8 Rxe8 30. Nxf4 exf4 31. Rxf4 Bg4 32. Rd2 Be5 33. Rxg4 Nxg4 34. Qh4+ Nh6 35. Rf2 Bg7 36. Bxh6 Bxh6 37. Qh5 Qg7 38. Qxe8 Be3 39. Rf7 1-0

[Event "Landesliga Sued 0708"]
[Site "Bayern"]
[Date "2008.01.20"]
[Round "5.5"]
[White "Nissen, Jens"]
[Black "Fehmer, Dirk"]
[Result "1-0"]
[WhiteElo "2096"]
[BlackElo "2012"]
[PlyCount "85"]
[EventDate "2007.10.21"]
[EventType "team-tourn"]
[EventRounds "9"]
[EventCountry "GER"]
[SourceTitle "EXT 2009"]
[Source "ChessBase"]
[SourceDate "2008.11.26"]
[SourceVersion "1"]
[SourceVersionDate "2008.11.26"]
[SourceQuality "1"]
[WhiteTeam "Sendling"]
[BlackTeam "Haunstetten"]
[WhiteTeamCountry "GER"]
[BlackTeamCountry "GER"]

1. e4 b6 2. d4 Bb7 3. Nc3 e6 4. Bd3 Bb4 5. Qg4 Nf6 6. Qe2 d5 7. e5 Nfd7 8. a3 Bxc3+ 9. bxc3 c5 10. Qg4 Kf8 11. h4 Qc7 12. Bd2 Ba6 13. Nf3 Bxd3 14. cxd3 Nc6 15. 0-0 Ne7 16. c4 cxd4 17. Bb4 Nc5 18. cxd5 Nxd5 19. Qxd4 a5 20. Bxc5+ bxc5 21. Qe4 Ke7 22. Rfc1 g6 23. Nd2 Rhc8 24. h5 Rab8 25. Nc4 Rb3 26. Nd6 Rd8 27. Qh4+ Kf8 28. Rxc5 Qxc5 29. Qxd8+ Kg7 30. h6+ Kxh6 31. Qf8+ Kh5 32. Qxf7 Kh6 33. Qf8+ Kh5 34. Qf3+ Kh6 35. Qh3+ Kg7 36. Qxe6 Rc3 37. Qf7+ Kh6 38. Qf8+ Kh5 39. Qf3+ Kh6 40. Ne4 Rc1+ 41. Kh2 Qc7 42. Rxc1 Qxc1 43. Qh3+ 1-0

[Event "Regionalliga SW 0607"]
[Site "Bayern"]
[Date "2006.12.10"]
[Round "4.5"]
[White "Rajic, Ivica"]
[Black "Nissen, Jens"]
[Result "0-1"]
[WhiteElo "2062"]
[BlackElo "2073"]
[PlyCount "114"]
[EventDate "2006.10.15"]
[EventType "team-tourn"]
[EventRounds "9"]
[EventCountry "GER"]
[SourceTitle "EXT 2008"]
[Source "ChessBase"]
[SourceDate "2007.11.25"]
[SourceVersion "1"]
[SourceVersionDate "2007.11.25"]
[SourceQuality "1"]
[WhiteTeam "Bayern Muenchen III"]
[BlackTeam "Muenchen Sendling"]
[WhiteTeamCountry "GER"]
[BlackTeamCountry "GER"]

1. d4 Nf6 2. Nf3 c6 3. c4 d6 4. Nc3 Qc7 5. e4 e5 6. d5 Nbd7 7. h3 Nc5 8. Qc2 cxd5 9. exd5 g6 10. b4 Ncd7 11. Bb2 a6 12. Rc1 Bh6 13. Rd1 0-0 14. Be2 Nb6 15. g4 Bf4 16. Qb3 Bd7 17. g5 Nh5 18. c5 Nc8 19. Ne4 Bf5 20. Nfd2 Bxd2+ 21. Nxd2 Nf4 22. Rc1 Ne7 23. Nc4 Nxe2 24. Kxe2 Nxd5 25. Nxd6 Nf4+ 26. Kd2 Rad8 27. Ke3 Rxd6 28. cxd6 Qb6+ 29. Rc5 Nd3 30. Qc3 Nxc5 31. bxc5 Qc6 32. Rc1 b6 33. Kd2 Qd5+ 34. Ke2 Re8 35. f3 bxc5 36. Qxc5 Qd3+ 37. Ke1 Qxf3 38. Qc3 Qh1+ 39. Ke2 Qg2+ 40. Ke1 Qxg5 41. Kf2 Qf4+ 42. Kg1 Qg5+ 43. Kf2 Qh4+ 44. Kg2 Be4+ 45. Kf1 Qf6+ 46. Kg1 Qxd6 47. Kh2 Bf5 48. Qe3 f6 49. Kg1 Qe6 50. Rc3 Rd8 51. Rb3 Qd5 52. Bc3 Bd7 53. Rb2 Bc6 54. Kh2 Qh1+ 55. Kg3 Be4 56. Kh4 g5+ 57. Kh5 Bf3+ 0-1

[Event "Regionalliga SW 0607"]
[Site "Bayern"]
[Date "2006.10.15"]
[Round "1.5"]
[White "Nissen, Jens"]
[Black "Beckers, Thomas"]
[Result "1-0"]
[WhiteElo "2137"]
[BlackElo "2054"]
[PlyCount "81"]
[EventDate "2006.10.15"]
[EventType "team-tourn"]
[EventRounds "9"]
[EventCountry "GER"]
[SourceTitle "EXT 2008"]
[Source "ChessBase"]
[SourceDate "2007.11.25"]
[SourceVersion "1"]
[SourceVersionDate "2007.11.25"]
[SourceQuality "1"]
[WhiteTeam "Muenchen Sendling"]
[BlackTeam "Zugzwang MSA"]
[WhiteTeamCountry "GER"]
[BlackTeamCountry "GER"]

1. e4 c5 2. Nf3 d6 3. d4 cxd4 4. Qxd4 Nc6 5. Bb5 Bd7 6. Bxc6 Bxc6 7. Nc3 Nf6 8. Bg5 e6 9. 0-0-0 Be7 10. Rhe1 0-0 11. Kb1 Qa5 12. Qd2 Kh8 13. Nd4 Rfd8 14. g4 Rac8 15. f4 Be8 16. Re3 b5 17. h4 b4 18. Nce2 Qc7 19. Bxf6 gxf6 20. Rc1 a5 21. Ng3 d5 22. e5 fxe5 23. fxe5 Bxh4 24. Nh5 Bg5 25. Qf2 Qa7 26. Rh3 f5 27. Rch1 Bg6 28. Nf4 Bxf4 29. Qxf4 Rc4 30. Qg5 Rg8 31. Nxe6 Rxg4 32. Qf6+ Rg7 33. b3 a4 34. bxa4 f4 35. Qf8+ Rg8 36. Qf6+ Rg7 37. Qxg7+ Qxg7 38. Nxg7 Kxg7 39. a5 Be4 40. a6 d4 41. a7 1-0

[Event "Regionalliga SW 0506"]
[Site "Bayern"]
[Date "2006.01.15"]
[Round "5.7"]
[White "Tyomkyn, Mikhail"]
[Black "Nissen, Jens"]
[Result "1-0"]
[WhiteElo "2047"]
[BlackElo "2054"]
[PlyCount "109"]
[EventDate "2005.10.23"]
[EventType "team-tourn"]
[EventRounds "9"]
[EventCountry "GER"]
[SourceTitle "EXT 2007"]
[Source "ChessBase"]
[SourceDate "2006.11.23"]
[SourceVersion "1"]
[SourceVersionDate "2006.11.23"]
[SourceQuality "1"]

1. e4 c5 2. Nf3 e6 3. d4 cxd4 4. Nxd4 Bc5 5. Nc3 Qb6 6. Na4 Qa5+ 7. Nc3 Qb6 8. Na4 Qa5+ 9. c3 Bxd4 10. Qxd4 Nf6 11. Nc5 Nc6 12. Qe3 b6 13. Nb3 Qa4 14. Nd4 Nxd4 15. cxd4 Qb4+ 16. Bd2 Qxb2 17. Rc1 0-0 18. Bd3 e5 19. Bc3 exd4 20. Bxd4 Qb4+ 21. Bc3 Qe7 22. e5 Ba6 23. Bxa6 Nd5 24. Qd2 Nxc3 25. Qxc3 d6 26. 0-0 dxe5 27. Rfe1 f6 28. f4 Kh8 29. fxe5 fxe5 30. Qxe5 Qf7 31. Rc7 Qf2+ 32. Kh1 Rf6 33. Qg3 Rf7 34. Qxf2 Rxf2 35. Rc8+ Rxc8 36. Bxc8 g6 37. Be6 Kg7 38. Kg1 Rb2 39. Bb3 a5 40. Re7+ Kh6 41. Bg8 b5 42. Rxh7+ Kg5 43. Rh3 a4 44. Rf3 b4 45. h3 b3 46. axb3 a3 47. b4 a2 48. Rf1 Kh4 49. b5 Kg3 50. Rf3+ Kh4 51. Bxa2 Rxb5 52. Kh2 Rb2 53. Bf7 Kh5 54. Rg3 Kh4 55. Rg4+ 1-0

[Event "Regionalliga SW 0506"]
[Site "Bayern"]
[Date "2005.12.11"]
[Round "4.6"]
[White "Winter, Ulf"]
[Black "Nissen, Jens"]
[Result "0-1"]
[WhiteElo "1902"]
[BlackElo "2054"]
[PlyCount "90"]
[EventDate "2005.10.23"]
[EventType "team-tourn"]
[EventRounds "9"]
[EventCountry "GER"]
[SourceTitle "EXT 2007"]
[Source "ChessBase"]
[SourceDate "2006.11.23"]
[SourceVersion "1"]
[SourceVersionDate "2006.11.23"]
[SourceQuality "1"]

1. e4 c5 2. Nf3 e6 3. d4 cxd4 4. Nxd4 Bc5 5. Nc3 Qb6 6. Na4 Qa5+ 7. c3 Bxd4 8. Qxd4 Nf6 9. f3 Nc6 10. Qd1 d5 11. b4 Qc7 12. exd5 Nxd5 13. Be2 Qe5 14. Bd2 0-0 15. Qc1 b6 16. Kf2 Bd7 17. Bd3 Ncxb4 18. Nb2 Nxd3+ 19. Nxd3 Qf5 20. Nb2 Rac8 21. Re1 Qf6 22. Nd3 Nxc3 23. Ne5 Qh4+ 24. Kg1 Ne2+ 25. Rxe2 Rxc1+ 26. Rxc1 Qd4+ 27. Kh1 Bb5 28. Bc3 Qf4 29. Ree1 h5 30. Rcd1 Rc8 31. Ba1 Rc2 32. Rd4 Qg5 33. Rg1 Rxa2 34. f4 Qf5 35. Rd8+ Kh7 36. Rf8 f6 37. Nf7 Qxf4 38. Rh8+ Kg6 39. Rf8 Bc6 40. Ne5+ fxe5 41. Rxf4 exf4 42. Rc1 Bxg2+ 43. Kg1 Bh3 44. Bd4 Rg2+ 45. Kh1 Rd2 0-1

[Event "Regionalliga SW 0405"]
[Site "Bayern"]
[Date "2005.01.16"]
[Round "5.4"]
[White "Grimberg, Boris"]
[Black "Nissen, Jens"]
[Result "1-0"]
[WhiteElo "2031"]
[BlackElo "2133"]
[PlyCount "71"]
[EventDate "2004.10.24"]
[EventType "team-tourn"]
[EventRounds "9"]
[EventCountry "GER"]
[SourceTitle "EXT 2007"]
[Source "ChessBase"]
[SourceDate "2006.11.23"]
[SourceVersion "1"]
[SourceVersionDate "2006.11.23"]
[SourceQuality "1"]
[WhiteTeam "Haunstetten"]
[BlackTeam "Sendling SC"]
[WhiteTeamCountry "GER"]
[BlackTeamCountry "GER"]

1. d4 c6 2. c4 d6 3. Nc3 Nf6 4. Nf3 Qc7 5. e4 e5 6. Be2 Be7 7. h3 a6 8. d5 Nbd7 9. 0-0 0-0 10. Be3 c5 11. Ne1 Ne8 12. Nd3 g6 13. f4 exf4 14. Bxf4 Bf6 15. Kh1 Bd4 16. Qe1 Ng7 17. Qg3 Ne5 18. Nxe5 dxe5 19. Bg5 Bxc3 20. Qxc3 f5 21. exf5 Nxf5 22. g4 Nd4 23. Rxf8+ Kxf8 24. Rf1+ Kg8 25. Bh6 Bd7 26. Qe3 Qd6 27. Qf2 Qe7 28. d6 Bc6+ 29. Kh2 Qe8 30. Qf6 Ne6 31. Qxe5 Qd7 32. g5 Ng7 33. Bg4 Nf5 34. Bxf5 gxf5 35. Rxf5 Re8 36. Qe7 1-0

[Event "Regionalliga SW 0304"]
[Site "Bayern"]
[Date "2003.11.23"]
[Round "3.6"]
[White "Hornung, Hans"]
[Black "Nissen, Jens"]
[Result "1/2-1/2"]
[WhiteElo "1992"]
[BlackElo "2095"]
[PlyCount "120"]
[EventDate "2003.10.??"]
[EventType "team"]
[EventRounds "9"]
[EventCountry "GER"]
[SourceTitle "EXT 2006"]
[Source "ChessBase"]
[SourceDate "2005.11.24"]
[SourceVersion "1"]
[SourceVersionDate "2005.11.24"]
[SourceQuality "1"]
[WhiteTeam "Klosterlechfeld"]
[BlackTeam "Muenchen Sendling"]
[WhiteTeamCountry "GER"]
[BlackTeamCountry "GER"]

1. Nf3 c6 2. c4 d6 3. d4 Nf6 4. Nc3 Qc7 5. e4 e5 6. Be2 Be7 7. 0-0 Bg4 8. Be3 0-0 9. d5 Bxf3 10. Bxf3 Nbd7 11. Be2 a6 12. Rc1 cxd5 13. cxd5 Rac8 14. b4 Qb8 15. a4 a5 16. bxa5 Qa8 17. Bb6 Nxb6 18. axb6 Qa5 19. Qb3 Bd8 20. Nb5 Rxc1 21. Rxc1 Qxb6 22. Qb4 Ne8 23. Bg4 g6 24. Bc8 Nc7 25. Qxd6 Na8 26. g3 Bg5 27. Rc4 Qxd6 28. Nxd6 Be7 29. Nxb7 Nb6 30. Rc7 Nxc8 31. a5 Bd6 32. Rxc8 Rxc8 33. Nxd6 Ra8 34. Nc4 f6 35. f4 exf4 36. gxf4 Rc8 37. Nb6 Rc5 38. e5 fxe5 39. fxe5 Rxa5 40. e6 Kf8 41. d6 Ra6 42. Nd7+ Kg7 43. e7 Kf7 44. Nf6 Ra8 45. Nxh7 Ke6 46. Nf8+ Kxd6 47. Nxg6 Rg8 48. Kf2 Kd7 49. Nf4 Kxe7 50. Kf3 Kd6 51. h4 Ke5 52. Ne2 Ra8 53. Ng3 Ra3+ 54. Kg4 Ra4+ 55. Kg5 Ra8 56. Kg4 Kd4 57. Nf5+ Ke4 58. Ng3+ Ke3 59. Nf5+ Kf2 60. h5 Re8 1/2-1/2